Statistics for Cricket World Cup Top 4 Positions

Click here to take the quiz!

General Stats

  • This quiz has been taken 41,695 times
  • The average score is 8 of 9

Answer Stats

# in Top 4# WinsTeam% Correct
82India
99%
96Australia
98%
90New Zealand
96%
61Pakistan
96%
61England
92%
50South Africa
86%
41Sri Lanka
83%
42West Indies
69%
10Kenya
43%

Score Distribution

Percentile by Number Answered

Percent of People with Each Score

Your Score History

You have not taken this quiz